000 00572nam a2200169 i 4500
001 99748
003 ES-MaACL
005 20230906182540.0
007 t|
008 050915s1904 sp ||||1| spa d
100 1 _aMartínez Durán, Adoración.
_978067
245 1 3 _aEl juego y la apuesta según el Derecho Romano y el Código Civil Español
_b: tésis para el grado de doctor en derecho /
_cAdoración Martínez Durán.
260 _aMadrid :
_b[s.n.],
_c1904 (
_fR. Velasco)
300 _a45 p. ;
_c21 cm.
502 _aTesis doctoral.
852 _aES-MaACL
_jT-1035-F-3
999 _c99748
_d99748